Sharing knowledge : Innovations and remaining challenges

Na minha lista:
Detalhes bibliográficos
Autor Corporativo: The World Bank
Formato: Livro
Idioma:Undetermined
Publicado em: Washington, D.C The World Bank 2003
Assuntos:
Tags: Adicionar Tag
Sem tags, seja o primeiro a adicionar uma tag!
Thư viện lưu trữ: Trung tâm Học liệu Trường Đại học Cần Thơ
LEADER 00579nam a2200205Ia 4500
001 CTU_97453
008 210402s9999 xx 000 0 und d
082 |a 332.1532 
082 |b W927 
110 |a The World Bank 
245 0 |a Sharing knowledge : 
245 0 |b Innovations and remaining challenges 
245 4 |c The World Bank 
260 |a Washington, D.C 
260 |b The World Bank 
260 |c 2003 
650 |a Economic assistance,Economic assistance 
650 |x Eeveloping countries 
904 |i Minh 
980 |a Trung tâm Học liệu Trường Đại học Cần Thơ